Fail (Fonce Avance Invincible Loser) (Record no. 13933)
[ view plain ]
| 010 ## - Numéro international normalisé du livre (ISBN) | |
|---|---|
| ISBN | 9791094828779 |
| Disponibilité et/ou prix | 10 EUR |
| 099 ## - Visibilité opac | |
| notice masquée en opac | Non |
| 100 ## - Données générales de traitement | |
| Données générales de traitement | 20250731d2025 m y0frey50 ba |
| 101 0# - Langue de la ressource | |
| Langue du texte, de la bande son, etc. | français |
| 102 ## - Pays de publication ou de production | |
| Pays de publication | France |
| 200 1# - Titre et mention de responsabilité | |
| Titre propre | Fail (Fonce Avance Invincible Loser) |
| Indication générale du type de document | Livre |
| Complément du titre | pièce jeunesse |
| 214 #0 - Mentions de production, publication, diffusion et manufacture | |
| Nom de l’éditeur | Editions Koinè |
| Date de publication | 2025 |
| 214 #3 - Mentions de production, publication, diffusion et manufacture | |
| Nom de l’éditeur | Impr. Sté ACORT Europe www.cogetefi.com |
| 215 ## - Description physique | |
| Nombre de pages | 1 vol. (46 p.) |
| 225 1# - Collection | |
| Titre de la collection | F.A.I.L, fonce avance invincible loser |
| 323 ## - Nombre de personnages | |
| Texte de la note | 6 personnages |
| 330 ## - Résumé ou extrait | |
| Texte de la note | Le Maître du F.A.I.L vous attend pour vous raconter l histoire de Noa, Blue et Box. Plongez dans une aventure où pour gagner notre personnage va devoir échouer (et inversement). Une aventure pour nous faire aimer nos grandeurs comme nos faiblesses. L échec nous y livrera toute sa force avant que, tels d invincibles losers, nous nous élancions à nouveau à la conquête de tout ce qu il nous reste à accomplir. Episode 1 Fail : le maître du FAIL vous attend pour vous raconter l histoire de Noa |
| 610 ## - Mot-clé | |
| Mot-clé | Harcèlement |
| -- | Collège |
| -- | Discrimination |
| 700 ## - Auteur principal | |
| Nom | Fabre |
| Prénom | Marjorie |
| 105 ## - Zone de données codées : textes, monographies | |
| Données codées sur les monographies textuelles | ||||z 00||| |
| 181 #0 - Zone de données codées : Forme de la ressource | |
| Données de liaison entre champs | 01 |
| Forme du contenu selon l’ISBD sous forme codée | i |
| Qualificatif(s) du contenu selon l’ISBD sous forme codée | xxxe |
| 181 ## - Zone de données codées : Forme de la ressource | |
| Données de liaison entre champs | 02 |
| Autre référentiel utilisé pour coder la forme du contenu | texte |
| Code du référentiel | rdacontent |
| 182 #0 - Zone de données codées : type de média | |
| Données de liaison entre champs | 01 |
| Type de médiation selon l’ISBD sous forme codée | sans média |
| 182 ## - Zone de données codées : type de média | |
| Données de liaison entre champs | 02 |
| Autre référentiel utilisé pour coder le type de médiation | sans média |
| Code du référentiel | rdamedia |
| 214 #0 - Mentions de production, publication, diffusion et manufacture | |
| Lieu de publication, production, distribution/diffusion, fabrication | Bagnolet |
| 214 #3 - Mentions de production, publication, diffusion et manufacture | |
| Lieu de publication, production, distribution/diffusion, fabrication | 91- Les Ulis Cedex |
| 215 ## - Description physique | |
| Dimensions | 18 cm |
| 700 ## - Auteur principal | |
| Eléments ajoutés aux noms autres que les dates | Auteur du texte |
| 801 #0 - Origine de la notice | |
| Pays | FR |
| Agence de catalogage | FR-751131015 |
| Date de la transaction | 20250731 |
| Règles de catalogage utilisées | AFNOR |
| Identifiant d'origine | FRBNF48569564000000X |
| Code du format utilisé | intermrc |
| 856 #2 - Adresse électronique et mode d’accès | |
| Uniform Resource Identifier | 1084926 |
| Numéro d'accès | Première de couverture |
| 856 #2 - Adresse électronique et mode d’accès | |
| Uniform Resource Identifier | 1084927 |
| Numéro d'accès | Quatrième de couverture |
| 000 -Etiquette de la notice | |
| Leader | 01682nam a2200397 4500 |
| 003 - Identifiant de la notice | |
| Identifiant | http://catalogue.bnf.fr/ark:/12148/cb48569564g |
| 005 - Identifiant de la version | |
| Identifiant | 20251002124543.0 |
| 073 #0 - EAN | |
| Numéro normalisé | 9791094828779 |
| Exclu du prêt | Date de création | Site actuel | Code barre | Date prix de remplacement | Cote | Statut | Site de rattachement | Type de document Koha |
|---|---|---|---|---|---|---|---|---|
| 02.10.2025 | Théâtre Joliette | JOL-007633 | 02.10.2025 | TH JP FAB 6 | Théâtre Joliette | Livre |